02629nam a2200253Ia 450000500170000000800410001704000440005804100080010208200120011010000330012224200960015524500870025126001020033830000770044050008540051750503020137150600210167354600210169463000680171565000540178365000670183785602510190485602200215520180430084730.0130821k16661771be fr 1 lat  aCo-BoUCMbspacSandra YazodSandra Yazo0 alat04a2282201 aSylveira, Joao dad1592-168700aComentarios al Apocalipsis del Apóstol San Juan por el R. P. D. F. Juan de Silveira yspa10aR. P. D. F. Ioannis da Sylveira ... Commentaria in Apocalypsim B. Ioannis Apostoli aAntuerpiae [Amberes] (Bélgica)bApud Lucam de Potter [En los talleres de Lucas de Potter]c1666 a2 volúmenes ([78], 466, [30] ; [86], 495, [30] páginas)c34 x 21 cm. aDetalles físicos: Encuadernación rígida en cartón forrado en pergamino fino. Tapas con bordes verticales doblados. Conserva cierres en cuero. Conserva guardas. Anteportada. Portada impresa en dos tintas con la marca tipográfica del impresor, anotación de propiedad manuscrita. Dedicatoria, en V.1 precedida por un grabado de buena calidad, una segunda dedicatoria. Licencias y permisos. Versos latinos de elogio al autor y su obra. Privilegio real. Índice inicial de capítulos y de sumarios. Índice de textos para sermones. Texto impreso en dos columnas con varios tipos y tamaños de letra. Apostillas. Signaturas y reclamos. Mayúsculas capitales. Cenefas y remates. Cortes decorados. V.1 Ej.2: En la portada, dos firmas. Pergamino y papel manchados. V.2 indica en el título: Commentariorum in Apocalypsim B. Joannis Apostoli0 aV.1: Sermones para decir en diversas circunstancias, a partir de temas del Apocalipsis ; Temas introductorios al Apocalipsis de San Juan ; Comentarios al Apocalipsis: Capítulo 1, versículo 1 – Capítulo 11, versículo 19 -- V.2: Capítulo 12, versículo 1 - Capítulo 22, versículo 21 aConsulta en sala aTexto en latín13aBibliapN.T.pApocalipsisvComentariosxObras anteriores a 1800 aHermenéutica bíblicaxObras anteriores a 1800 7aSermones de festividades religiosas vObras anteriores a 180041zDisponible en línea V.1uhttps://books.google.com.co/books?id=Y1ZKAAAAcAAJ&printsec=frontcover&dq=commentaria+in+Apocalypsim+1666&hl=es&sa=X&ved=0ahUKEwi4zq7X0tDaAhVPuVMKHRozASAQ6AEILjAB#v=onepage&q=commentaria%20in%20Apocalypsim%201666&f=false41zDisponible en línea V.2uhttps://books.google.com.co/books?id=LXVTAAAAcAAJ&printsec=frontcover&dq=R.D.P.F.+Ioannis+da+Sylveira++1671&hl=es-419&sa=X&ved=0ahUKEwiouKiI39DaAhVMzVMKHXsFC7gQ6AEILzAB#v=onepage&q&f=false